30 biggest cities in North Carolina - Statistics

General Stats
  • This quiz has been taken 71 times
  • The average score is 18 of 30
Answer Stats
Population City % Correct
911,311 Charlotte
98%
483,295 Raleigh
98%
302,296 Greensboro
91%
296,186 Durham
89%
122,698 Wilmington
89%
95,056 Asheville
87%
209,749 Fayetteville
85%
252,975 Winston-Salem
85%
180,010 Cary
83%
116,926 High Point
78%
90,053 Greenville
72%
72,879 Jacksonville
69%
110,119 Concord
67%
83,942 Gastonia
63%
54,245 Rocky Mount
63%
72,225 Apex
59%
60,032 Burlington
56%
44,415 Hickory
56%
59,321 Kannapolis
52%
54,337 Wake Forest
48%
47,833 Wilson
48%
53,721 Mooresville
46%
64,688 Huntersville
44%
62,043 Chapel Hill
39%
36,319 Salisbury
35%
43,817 Fuquay-Varina
33%
42,854 Indian Trail
26%
46,271 Holly Springs
24%
35,265 Garner
19%
37,797 Monroe
9%
No matching quizzes found
Score Distribution
Percent of People with Each Score
Percentile by Number Answered
Your Score History
You have not taken this quiz